000 00300nam a22001337a 4500
020 _a817053134-9
082 _a912
_bTTK/T
245 _aTHE MODERN SCHOOL ATLAS
_bGEOGRAPHY
246 _aTHE MODERN SCHOOL ATLAS
_bGEOGRAPHY
300 _a92
520 _aGEOGRAPHY
650 _aGEOGRAPHY
942 _cBK
999 _c1662
_d1662